| 000 | 00350nam a22001457a 4500 | ||
|---|---|---|---|
| 999 |
_c8074 _d8074 |
||
| 003 | OSt | ||
| 005 | 20200706105220.0 | ||
| 008 | 200706b ||||| |||| 00| 0 eng d | ||
| 020 | _a9789881566263 | ||
| 082 |
_a727 _bLEI |
||
| 100 | _aLEI ZHANG | ||
| 245 | _aSchool buildings | ||
| 260 |
_aHong Kong _bDesign Media Publishing Limited _c2013 |
||
| 942 | _2ddc | ||